|
|
|
|
| LEADER |
00840nab a2200229 i 4500 |
| 001 |
misc64514 |
| 005 |
20231011083341.0 |
| 008 |
230628s1986 hu o 0|| hun d |
| 040 |
|
|
|a SZTE Miscellanea Repozitórium
|b hun
|
| 041 |
|
|
|a hun
|
| 100 |
2 |
|
|a Róna-Tas András
|
| 245 |
1 |
2 |
|a A magyar népnév egy 1311-es volgai bolgár sírfeliraton
|h [elektronikus dokumentum] /
|c Róna-Tas András
|
| 260 |
|
|
|c 1986
|
| 300 |
|
|
|a 78-81
|c 21 cm
|
| 300 |
|
|
|a [4] p.
|c 21 cm
|
| 490 |
0 |
|
|a Magyar nyelv : a Magyar Nyelvtudományi Társaság folyóirata
|
| 561 |
|
|
|a Németh Gyula hagyaték
|
| 591 |
|
|
|a NOA 5164
|
| 650 |
|
4 |
|a Bölcsészettudományok
|
| 650 |
|
4 |
|a Nyelvek és irodalom
|
| 695 |
|
|
|a Sírfelirat - bolgár - 1311, Feliratok - bolgár - középkor
|
| 856 |
4 |
0 |
|u http://misc.bibl.u-szeged.hu/64514/1/5164_noa.pdf
|z Dokumentum-elérés
|